[Event "Imperia op-A 50th"]
[Site "Imperia"]
[Date "2018.09.05"]
[Round "5.6"]
[White "Regondi, Lorenzo"]
[Black "Mazzini, Mauro"]
[Result "0-1"]
[WhiteElo "2172"]
[BlackElo "2214"]
[PlyCount "110"]
[EventDate "2018.09.02"]
[EventType "swiss"]
[EventRounds "9"]
[EventCountry "ITA"]
[SourceTitle "EXT 2024"]
[Source "ChessBase"]
[SourceDate "2023.10.10"]
[SourceVersion "1"]
[SourceVersionDate "2023.10.10"]
[SourceQuality "1"]

1. e4 c5 2. Nf3 d6 3. d4 cxd4 4. Nxd4 Nf6 5. Nc3 a6 6. Be3 e5 7. Nb3 Be6 8. f3 Be7 9. Qd2 Nbd7 10. g4 b5 11. g5 b4 12. Ne2 Nh5 13. 0-0-0 a5 14. Kb1 f6 15. Ng3 Nxg3 16. hxg3 fxg5 17. f4 gxf4 18. gxf4 a4 19. Nc1 Qa5 20. Qg2 b3 21. cxb3 axb3 22. a3 Qc7 23. Bb5 exf4 24. Bxf4 0-0 25. Bxd7 Bxd7 26. Nd3 Qc2+ 27. Qxc2 bxc2+ 28. Kxc2 Ba4+ 29. b3 Bc6 30. a4 Bxe4 31. Rhe1 Rxf4 32. Kd2 Bxd3 33. Rxe7 Bg6 34. Ra1 Bf7 35. Rb7 Bxb3 36. Rxb3 Rfxa4 37. Rf1 Ra2+ 38. Kd3 R2a3 39. Rxa3 Rxa3+ 40. Kd4 Ra7 41. Kd5 Rf7 42. Rg1 Rf6 43. Rg5 h6 44. Rg1 g5 45. Kc6 Kf7 46. Kd7 Kg6 47. Ke7 h5 48. Ra1 h4 49. Ra8 Rf4 50. Rg8+ Kf5 51. Kxd6 h3 52. Rf8+ Kg4 53. Rh8 Kg3 54. Rh5 g4 55. Ke5 Rf1 0-1

[Event "Mare di Fano op 5th"]
[Site "Fano"]
[Date "2016.08.06"]
[Round "9"]
[White "Maisuradze, Nino"]
[Black "Mazzini, Mauro"]
[Result "0-1"]
[WhiteElo "2281"]
[BlackElo "2191"]
[PlyCount "104"]
[EventDate "2016.07.30"]
[EventType "swiss"]
[EventRounds "9"]
[EventCountry "ITA"]
[SourceTitle "CBM 173 Extra"]
[Source "ChessBase"]
[SourceDate "2016.08.29"]
[SourceVersion "1"]
[SourceVersionDate "2016.08.29"]
[SourceQuality "1"]

1. d4 Nf6 2. c4 e6 3. Nc3 Bb4 4. e3 d5 5. a3 Bxc3+ 6. bxc3 b6 7. Bd3 Ba6 8. cxd5 Bxd3 9. Qxd3 exd5 10. Nf3 Nbd7 11. c4 c6 12. a4 0-0 13. 0-0 Qc7 14. Bb2 Qb7 15. Rfc1 Rfd8 16. Qb3 c5 17. h3 h6 18. a5 Qc6 19. Ne5 Nxe5 20. dxe5 dxc4 21. Qxc4 Ne8 22. Rc2 Nc7 23. Rac1 Rd7 24. Qg4 Qe6 25. Qe2 Rad8 26. e4 Qb3 27. Rc3 Qa4 28. axb6 axb6 29. Qg4 Rd1+ 30. Kh2 Rxc1 31. Bxc1 Qd7 32. Qh4 Kf8 33. Bxh6 gxh6 34. Qxh6+ Ke8 35. Qh8+ Ke7 36. Qf6+ Ke8 37. Qh8+ Ke7 38. Qf6+ Ke8 39. Rg3 Ne6 40. Rg8+ Nf8 41. Qxb6 Rc8 42. f4 Qc6 43. Qb1 c4 44. f5 c3 45. Qc2 Qb5 46. e6 Qe5+ 47. Kh1 Ra8 48. exf7+ Kxf7 49. Qb3+ Ke8 50. g3 Qxe4+ 51. Kg1 Qe1+ 52. Kg2 Qe2+ 0-1

[Event "Mare di Fano op 5th"]
[Site "Fano"]
[Date "2016.08.03"]
[Round "6"]
[White "Mazzini, Mauro"]
[Black "Scarpa, Silvia"]
[Result "1/2-1/2"]
[WhiteElo "2191"]
[BlackElo "1926"]
[PlyCount "80"]
[EventDate "2016.07.30"]
[EventType "swiss"]
[EventRounds "9"]
[EventCountry "ITA"]
[SourceTitle "CBM 173 Extra"]
[Source "ChessBase"]
[SourceDate "2016.08.29"]
[SourceVersion "1"]
[SourceVersionDate "2016.08.29"]
[SourceQuality "1"]

1. e4 c5 2. Nc3 Nc6 3. f4 g6 4. Nf3 Bg7 5. Bb5 Nd4 6. 0-0 a6 7. Bd3 d6 8. Nxd4 cxd4 9. Ne2 Nf6 10. Qe1 0-0 11. c3 dxc3 12. bxc3 e5 13. f5 d5 14. Ng3 dxe4 15. Bc2 b5 16. Ba3 Re8 17. fxg6 hxg6 18. Nxe4 Nxe4 19. Bxe4 Qb6+ 20. Qf2 Qxf2+ 21. Rxf2 Rb8 22. Bd6 Rb6 23. Bc5 Rf6 24. a4 Rxf2 25. Kxf2 bxa4 26. Rxa4 Rd8 27. d4 exd4 28. cxd4 Bf8 29. Bb6 Rd6 30. Bc7 Rd7 31. Bf4 Bg7 32. Ke3 Re7 33. Kf3 Bg4+ 34. Kxg4 Rxe4 35. Rxa6 Rxd4 36. Kf3 Rb4 37. Ra3 Rc4 38. g4 Rc3+ 39. Rxc3 Bxc3 40. Ke4 Be1 1/2-1/2

[Event "Mare di Fano op 5th"]
[Site "Fano"]
[Date "2016.07.31"]
[Round "2"]
[White "Mazzini, Mauro"]
[Black "Aulia, Medina Warda"]
[Result "1/2-1/2"]
[WhiteElo "2191"]
[BlackElo "2382"]
[PlyCount "108"]
[EventDate "2016.07.30"]
[EventType "swiss"]
[EventRounds "9"]
[EventCountry "ITA"]
[SourceTitle "CBM 173 Extra"]
[Source "ChessBase"]
[SourceDate "2016.08.29"]
[SourceVersion "1"]
[SourceVersionDate "2016.08.29"]
[SourceQuality "1"]

1. e4 e6 2. d4 d5 3. Nc3 Bb4 4. e5 c5 5. Bd2 Ne7 6. Nb5 Bxd2+ 7. Qxd2 0-0 8. f4 cxd4 9. Nf3 Nbc6 10. Nbxd4 a5 11. 0-0-0 a4 12. a3 Na5 13. Bd3 Bd7 14. Qe2 Nf5 15. Nxf5 exf5 16. Nd4 Qc8 17. h3 Nb3+ 18. Nxb3 axb3 19. Kb1 bxc2+ 20. Qxc2 Ra4 21. g3 g6 22. Qxc8 Rxc8 23. Bc2 Ra5 24. Bb3 Bc6 25. Rd4 Rd8 26. Rhd1 Kf8 27. Bc2 Ke7 28. a4 Ra7 29. Rb4 Ke6 30. Rb6 Ra6 31. Rb4 h6 32. b3 g5 33. Kb2 Rg8 34. Rd3 Raa8 35. Rbd4 gxf4 36. Rxf4 Rg7 37. h4 Rg4 38. Bd1 Rg7 39. Re3 Rag8 40. Bc2 Rxg3 41. Bxf5+ Ke7 42. Re2 Rg2 43. Rxg2 Rxg2+ 44. Kc3 Rg3+ 45. Bd3 Bd7 46. Kd4 h5 47. a5 Rg2 48. b4 Rd2 49. Kc3 Ra2 50. Rf6 Rh2 51. Rf4 Ra2 52. Kd4 Rd2 53. Rf3 Rh2 54. Rf4 Rd2 1/2-1/2

[Event "Sarzana op"]
[Site "Sarzana"]
[Date "2011.05.29"]
[Round "4"]
[White "Mazzini, Mauro"]
[Black "Tizzoni, Lionello"]
[Result "1-0"]
[WhiteElo "2138"]
[BlackElo "1955"]
[PlyCount "93"]
[EventDate "2011.05.27"]
[EventType "swiss"]
[EventRounds "5"]
[EventCountry "ITA"]
[SourceTitle "EXT 2014"]
[Source "ChessBase"]
[SourceDate "2013.11.20"]
[SourceVersion "1"]
[SourceVersionDate "2013.11.20"]
[SourceQuality "1"]

1. e4 e6 2. d4 d5 3. Nc3 Bb4 4. e5 c5 5. Bd2 cxd4 6. Nb5 Be7 7. f4 Nc6 8. Nf3 Qb6 9. a4 a5 10. Bd3 Nh6 11. h3 Nf5 12. Bxf5 exf5 13. Qe2 0-0 14. 0-0-0 Be6 15. g4 Rfc8 16. g5 d3 17. Qxd3 Nb4 18. Bxb4 axb4 19. b3 Rc5 20. Nfd4 Rac8 21. Rh2 g6 22. h4 Bf8 23. Kb1 Rc3 24. Nxc3 bxc3 25. Qb5 Qc7 26. h5 Qe7 27. Ne2 Qa3 28. Nxc3 Rxc3 29. hxg6 hxg6 30. Rdh1 Bg7 31. Qe8+ Qf8 32. Rh8+ Bxh8 33. Rxh8+ Kxh8 34. Qxf8+ Kh7 35. Qb4 Rc7 36. Kb2 Rd7 37. c3 Rc7 38. Qb6 Rd7 39. Kc2 Kg7 40. Kd3 Kf8 41. Kd4 Ke7 42. a5 Ke8 43. b4 Ke7 44. b5 Ke8 45. a6 bxa6 46. bxa6 Rd8 47. Qxd8+ 1-0